000 01116nam a2200277 c 4500
003 BLK
005 20180422120853.0
008 180411b bul|||||r ||||||| ||bul||
010 _aKNG00217529000
040 _aBLK
041 _aBUL
_cBUL
080 _aАлпинизъм. Спортно катерене
_b796.52
_x(47+57)
_z796.52(47+57)
100 1 _aКононов, Юрий Вячеславович
_eпърви автор
_9351175
700 1 _aКрумов, Руен
_eпрев. от рус.
_9366000
139 _aКононов, Юрий Вячеславович
_bК 81
245 1 0 _aПобедата над Еверест
_bСъв. експедиция през 1982 г.
_cЮрий Вячеславович Кононов; прев. от рус. Руен Крумов.
257 _aBGR
260 София
_bМедицина и физкултура
_c1988
300 _a136 с.
_bс диагр., к., 8 л. ил.
_c22 см
380 _a79
852 _aЦб 154710
856 4 _qpdf
_u
856 4 _qpdf
_u
942 _cKNG
_n0
944 _aCR
_c23.03.2018
_kНора_Радева
944 _aED
_c23.03.2018
_kНора_Радева
999 _c207695
_d207695